Отчет по Минусинскому Мартьяновскому музею, состоящему под покровительством Императорской Академии наук и по Общественной библиотеке... (Запись № 3653081)

Подробности
000 -МАРКЕР
контрольное поле 02709nam1a22004091i 4500
001 - ИДЕНТИФИКАТОР ЗАПИСИ
контрольное поле v19\rc\1555078
005 - ИДЕНТИФИКАТОР ВЕРСИИ
контрольное поле 20260406150510.0
035 ## - ДРУГИЕ СИСТЕМНЫЕ НОМЕРА
Идентификатор записи (NLR Aleph) 004669048
100 ## - ДАННЫЕ ОБЩЕЙ ОБРАБОТКИ
Данные общей обработки 20060620d18901914|||y0rusy50 ca
101 0# - ЯЗЫК РЕСУРСА
Язык текста, звукозаписи и т.д. русский
102 ## - СТРАНА ПУБЛИКАЦИИ ИЛИ ПРОИЗВОДСТВА
Страна публикации Российская Федерация
105 ## - ПОЛЕ КОДИРОВАННЫХ ДАННЫХ: ТЕКСТОВЫЕ МАТЕРИАЛЫ, МОНОГРАФИЧЕСКИЕ
Кодированные данные о монографическом текстовом документе z |||||
200 1# - ЗАГЛАВИЕ И СВЕДЕНИЯ ОБ ОТВЕТСТВЕННОСТИ
Основное заглавие Отчет по Минусинскому Мартьяновскому музею, состоящему под покровительством Императорской Академии наук и по Общественной библиотеке...
210 ## - ПУБЛИКАЦИЯ, РАСПРОСТРАНЕНИЕ И ДР.
Место издания, распространения и т.д. Минусинск
Дата издания, распространения и т.д. 1890-1914
215 ## - ФИЗИЧЕСКАЯ ХАРАКТЕРИСТИКА
Размеры 20
300 ## - ОБЩИЕ ПРИМЕЧАНИЯ
Текст примечания Загл. отчетов за 1889-1892 гг.: Отчеты по Минусинскому местному музею и Общественной библиотеке; за 1893-1901-1904 гг.: Отчет по Минусинскому местному музею и Общественной библиотеке; за 1905-1907 гг.: Отчет по Минусинскому городскому Мартьяновскому музею и Общественной библиотеке; за 1908/9-1912 гг.: Отчет по Минусинскому Мартьяновскому музею и Общественной библиотеке
300 ## - ОБЩИЕ ПРИМЕЧАНИЯ
Текст примечания Место изд. отчетов: за 1895 г.: Красноярск; за 1906-1907 гг.: Канск
517 0# - ДРУГИЕ ВАРИАНТЫ ЗАГЛАВИЯ
Вариант заглавия Отчеты по Минусинскому местному музею и Общественной библиотеке
517 0# - ДРУГИЕ ВАРИАНТЫ ЗАГЛАВИЯ
Вариант заглавия Отчет по Минусинскому местному музею и Общественной библиотеке
517 0# - ДРУГИЕ ВАРИАНТЫ ЗАГЛАВИЯ
Вариант заглавия Отчет по Минусинскому городскому Мартьяновскому музею и Общественной библиотеке
517 0# - ДРУГИЕ ВАРИАНТЫ ЗАГЛАВИЯ
Вариант заглавия Отчет по Минусинскому Мартьяновскому музею и Общественной библиотеке
710 02 - НАИМЕНОВАНИЕ ОРГАНИЗАЦИИ - ПЕРВИЧНАЯ ОТВЕТСТВЕННОСТЬ
Начальный элемент ввода Минусинский Мартьяновский музей
Системный номер авторитетной/нормативной записи 347689
Идентификатор авторитетной/нормативной записи RU\NLR\AUTH\889925938
712 02 - НАИМЕНОВАНИЕ ОРГАНИЗАЦИИ - ВТОРИЧНАЯ ОТВЕТСТВЕННОСТЬ
Начальный элемент ввода Минусинская гор. общественная библиотека
801 #0 - ИСТОЧНИК ЗАПИСИ
Страна Российская Федерация
Организация NLR
Правила каталогизации psbo
801 #0 - ИСТОЧНИК ЗАПИСИ
Страна Российская Федерация
Организация RuMoRGB
Источник данных psbo
801 #1 - ИСТОЧНИК ЗАПИСИ
Страна Российская Федерация
Организация ProSoft-M
Источник данных rusmarc
852 ## - МЕСТОНАХОЖДЕНИЕ И ШИФР ХРАНЕНИЯ
Идентификатор организации NLR (1889-1913)
Шифр хранения (Call Number) Шифры разные
899 ## - ДАННЫЕ О МЕСТОНАХОЖДЕНИИ (устаревшее)
Местонахождение RuMoRGB (1890-1913*)
Шифр хранения Рб 47/155
899 ## - ДАННЫЕ О МЕСТОНАХОЖДЕНИИ (устаревшее)
Местонахождение RuMoRGB (1890-1913*)
Шифр хранения A 183/1681
899 ## - ДАННЫЕ О МЕСТОНАХОЖДЕНИИ (устаревшее)
Местонахождение RuMoRGB (1890-1913*)
Шифр хранения O 52/230
899 ## - ДАННЫЕ О МЕСТОНАХОЖДЕНИИ (устаревшее)
Местонахождение RuMoRGB (1890-1913*)
Шифр хранения V 63/336
899 ## - ДАННЫЕ О МЕСТОНАХОЖДЕНИИ (устаревшее)
Местонахождение НБ СПбГУ (1891-1911*)
899 ## - ДАННЫЕ О МЕСТОНАХОЖДЕНИИ (устаревшее)
Местонахождение ГПИБ (1894-1909*)
899 ## - ДАННЫЕ О МЕСТОНАХОЖДЕНИИ (устаревшее)
Местонахождение НБ МГУ (1901-1904*)
899 ## - ДАННЫЕ О МЕСТОНАХОЖДЕНИИ (устаревшее)
Местонахождение БАН (1889-1913*)
942 ## - ДОПОЛНИТЕЛЬНЫЕ ЭЛЕМЕНТЫ ЗАПИСИ (АБИС)
Тип экземпляра АБИС Книга

Нет доступных экземпляров.